000 01375nam a2200289 i 4500
003 EG-GICUC
005 20260121101514.0
008 251216s1958 ua bdeofry||| 000 0 ara d
040 _a EG-GICUC
_bara
_c EG-GICUC
_d EG-GICUC
_erda
041 0 _aara
082 0 4 _221
_a343.43062
_bت ق
092 0 4 _221
099 _aLaw1 10 343.43062 ت ق 1958
110 1 _aوزارة الداخلية.
_bالجمهورية العربية المتحدة.
245 1 0 _aتقرير عن حالة الأمن العام بالإقليم الجنوبي من الجمهورية العربية المتحدة عن سنة 1957 /
_cوزارة الداخلية.
264 1 _aالقاهرة :
_bالهيئة العامة لشئون المطابع الأميرية،
_c1958.
300 _a180 صفحة، صفحات غير مرقمة، مختلف الترقيم :
_bرسوم بيانية، جداول، صور فوتوغرافية، إيضاحيات بعضها ملون ؛
_c24 سم.
336 _2rda content
_atext
337 _2rda media
_aComputer
338 _2rda carrier
_aOnline Resource
546 _aالنص باللغة العربية
650 1 _aالتشريعات المتعلقة بالأمن والسكينة العامة
_2qrmak
651 1 _2qrmak
856 4 0 _uhttps://fll.law.cu.edu.eg/fulltext/bks/B10-07130.pdf
905 _a62
_eYara
942 _2ddc
_cBK
_e21
_n0
999 _c51018
_d51018